Normal view
MARC view
- Cain, Tim,
Entry Personal Name
001 - CONTROL NUMBER
- control field: 39790
003 - CONTROL NUMBER IDENTIFIER
- control field: OSt
005 - DATE AND TIME OF LATEST TRANSACTION
- control field: 20190919094715.0
008 - FIXED-LENGTH DATA ELEMENTS
- fixed length control field: 190919|| aca||aabn | a|a d
040 ## - CATALOGING SOURCE
- Original cataloging agency: OSt
- Transcribing agency: OSt
100 ## - HEADING--PERSONAL NAME
- Personal name: Cain, Tim,
- Relator term: author.
670 ## - SOURCE DATA FOUND
- Source citation: Work cat.: (OSt)0: Cain, Tim, author., Teaching music differently /, ©2017.
